Основы фармакологии ... Ч. 2 (Запись № 13563501)

Подробности
000 -МАРКЕР
контрольное поле 01222nam2a2200241 4500
001 - ИДЕНТИФИКАТОР ЗАПИСИ
контрольное поле rc\2651915
005 - ИДЕНТИФИКАТОР ВЕРСИИ
контрольное поле 20260315043122.0
035 ## - ДРУГИЕ СИСТЕМНЫЕ НОМЕРА
Идентификатор записи (NLR Aleph) 006959377
100 ## - ДАННЫЕ ОБЩЕЙ ОБРАБОТКИ
Данные общей обработки 20110610d1931 u y0rusy50 ca
101 0# - ЯЗЫК РЕСУРСА
Язык текста, звукозаписи и т.д. русский
102 ## - СТРАНА ПУБЛИКАЦИИ ИЛИ ПРОИЗВОДСТВА
Страна публикации Российская Федерация
105 ## - ПОЛЕ КОДИРОВАННЫХ ДАННЫХ: ТЕКСТОВЫЕ МАТЕРИАЛЫ, МОНОГРАФИЧЕСКИЕ
Кодированные данные о монографическом текстовом документе a z |||||
200 0# - ЗАГЛАВИЕ И СВЕДЕНИЯ ОБ ОТВЕТСТВЕННОСТИ
Основное заглавие Ч. 2
210 ## - ПУБЛИКАЦИЯ, РАСПРОСТРАНЕНИЕ И ДР.
Место издания, распространения и т.д. Ленинград
-- Москва
Имя издателя, распространителя и т. д. Огиз
-- Гос. мед. изд-во
Дата издания, распространения и т.д. 1931
Место изготовления Ленинград
Имя изготовителя тип. Печатный двор
215 ## - ФИЗИЧЕСКАЯ ХАРАКТЕРИСТИКА
Специфическое обозначение материала и объем 448 с.
Другие сведения о физической характеристике ил.
320 ## - ПРИМЕЧАНИЯ О НАЛИЧИИ В ДОКУМЕНТЕ БИБЛИОГРАФИИ / УКАЗАТЕЛЯ
Текст примечания Библиография: "Литературный указатель" (с. 421-26)
461 #0 - УРОВЕНЬ НАБОРА
Встроенное поле 001rc\2651913
-- 2000#$aОсновы фармакологии ...$eЧ. 1-2$fакад. Н.П. Кравков$gС предисл. акад. И.П. Павлова$vЧ. 2
-- 700#1$aКравков$bН.П.$gНиколай Павлович$f1865-1924
Системный номер (АБИС) связанной записи 5327762
Автор Кравков, Н.П. (1865-1924)
Место публикации Москва
Дата публикации 1930-1931
Издание 13-е изд. перераб. проф. В. В. Савичем
Первые сведения об ответственности акад. Н.П. Кравков
Имя издателя, распространителя и т.д. Гос. изд-во
Сведения, относящиеся к заглавию Ч. 1-2
Заглавие Основы фармакологии ...
Номер тома Ч. 2
801 #0 - ИСТОЧНИК ЗАПИСИ
Страна Российская Федерация
Организация NLR
Правила каталогизации psbo
801 #1 - ИСТОЧНИК ЗАПИСИ
Страна Российская Федерация
Организация ELAR
Источник данных rusmarc
852 ## - МЕСТОНАХОЖДЕНИЕ И ШИФР ХРАНЕНИЯ
Идентификатор организации NLR
Шифр хранения (Call Number) 30.19/754(2)
942 ## - ДОПОЛНИТЕЛЬНЫЕ ЭЛЕМЕНТЫ ЗАПИСИ (АБИС)
Тип экземпляра АБИС Неопределено
980 ## - КОЛЛЕКЦИЯ
Название коллекции Национальная библиография

Нет доступных экземпляров.